000 00692nam a2200253Ia 4500
003 OSt
005 20220924125311.0
006 a|||||r|||| 00| 0
007 ta
008 220923b |||||||| |||| 00| 0 tel d
020 _cRs.1.
024 _a346104
037 _cTextual
040 _aARTS
_cARTS
_btel
041 _2tel
_atel
082 _aQ22:222, 35K2
100 _aVenkata Parwateswara Kavulu Au.
_9198033
245 0 _aPillala Bommala Bhagavatamu
260 _aRajamahendravaram
_bIndia
_c1962
300 _a118p.
_ccm.
650 _aRELIGION
942 _hQ22:222, 35K2
_cTEXL
_2CC
999 _c422374
_d422374